Growth in Sub-Saharan Africa

Guardado en:
Detalles Bibliográficos
Autor principal: Ghura, Dhaneshwar
Otros Autores: Hadjimichael, Michael T.
Formato: Libro
Lenguaje:inglés
Publicado: Washington International Monetary Fund 1995
Edición:1. ed.
Colección:IMF Working Paper 136
Materias:
Etiquetas: Agregar Etiqueta
Sin Etiquetas, Sea el primero en etiquetar este registro!

MARC

LEADER 00000nam a2200000 4500
001 c017381
005 20221205133044.5
041 0 |a eng 
044 |a US 
245 1 0 |a Growth in Sub-Saharan Africa  |c Dhaneshwar Ghura, Michael T. Hadjimichael 
250 |a 1. ed. 
264 1 |a Washington  |b International Monetary Fund  |c 1995 
300 |a 27 s. 
490 1 |a IMF Working Paper  |v 136 
830 0 |a IMF Working Paper  |v 136 
610 2 0 |a rast hospodársky 
610 2 0 |a Afrika 
610 2 0 |a krajiny rozvojové 
610 2 0 |a produkt domáci hrubý 
610 2 0 |a zdroje ľudské 
610 2 0 |a zmeny štruktúrne 
100 1 |a Ghura, Dhaneshwar 
700 1 |a Hadjimichael, Michael T.